| 000 | 00443cam a2200169ua 4500 | ||
|---|---|---|---|
| 020 | _c1.25 | ||
| 041 |
_amal _h |
||
| 082 |
_a894.812301 _bGOP/PA |
||
| 100 | _aGopalakrishnan, Kalvi . | ||
| 245 |
_aParakkum pydal / _cKalvi Gopalakrishnan. _hTextual Documents |
||
| 260 |
_aKottayam : _bSahitya Pravarthaka Co-operative Society , _c1959. |
||
| 300 | _a71 ; . | ||
| 365 | _a1.25 | ||
| 504 | _a | ||
| 942 | _cBK | ||
| 999 |
_c11460 _d11460 |
||